000 00318nam a22001337a 4500
008 171025b xxu||||| |||| 00| 0 eng d
020 _a0395369118
041 _aeng
080 _22ND
_a311
100 _a55
101 _aSTA
245 _aAPPLIED STATISTICS FOR THE BAHAVIORAL SCIENCES
_cHINKLE,D.E
942 _2udc
_cBK
999 _c35976
_d35976